5HLuxD.jpg

KING HENRY VIII SENIOR AND PRIMARY SCHOOL LIBRARY OPAC

The house of the scorpion / (Record no. 104)

000 -LEADER
fixed length control field 02986cam a2200589Ia 4500
001 - CONTROL NUMBER
control field 630748477
003 - CONTROL NUMBER IDENTIFIER
control field OCoLC
005 - DATE AND TIME OF LATEST TRANSACTION
control field 20190726091804.0
008 - FIXED-LENGTH DATA ELEMENTS--GENERAL INFORMATION
fixed length control field 100525p20042002nyuj j 000 1 eng d
010 ## - LIBRARY OF CONGRESS CONTROL NUMBER
LC control number 2001256594
020 ## - INTERNATIONAL STANDARD BOOK NUMBER
International Standard Book Number 9780689852237
Qualifying information (pbk.)
020 ## - INTERNATIONAL STANDARD BOOK NUMBER
International Standard Book Number 0689852231
Qualifying information (pbk.)
035 ## - SYSTEM CONTROL NUMBER
System control number (OCoLC)630748477
Canceled/invalid control number (OCoLC)519870333
-- (OCoLC)864453994
-- (OCoLC)1011006747
040 ## - CATALOGING SOURCE
Original cataloging agency NYP
Language of cataloging eng
Transcribing agency NYP
Modifying agency JST
049 ## - LOCAL HOLDINGS (OCLC)
Holding library NYPP
082 04 - DEWEY DECIMAL CLASSIFICATION NUMBER
Classification number FIC FAR
Edition number 21
091 ## - MICROFILM SHELF LOCATION (AM) [OBSOLETE]
Microfilm shelf location FIC
100 1# - MAIN ENTRY--PERSONAL NAME
Personal name Farmer, Nancy,
Dates associated with a name 1941-
Relator term auhtor
245 14 - TITLE STATEMENT
Title The house of the scorpion /
Statement of responsibility, etc. Nancy Farmer.
250 ## - EDITION STATEMENT
Edition statement 1st Atheneum books for Young Readers pbk. ed.
260 ## - PUBLICATION, DISTRIBUTION, ETC.
Place of publication, distribution, etc. New York :
Name of publisher, distributor, etc. Atheneum Books for Young Readers,
Date of publication, distribution, etc. [2004], ℗♭2002.
300 ## - PHYSICAL DESCRIPTION
Extent 380 pages :
Other physical details genealogical table ;
Dimensions 21 cm.
336 ## - CONTENT TYPE
Content type term text
Content type code txt
Source rdacontent.
337 ## - MEDIA TYPE
Media type term unmediated
Media type code n
Source rdamedia.
338 ## - CARRIER TYPE
Carrier type term volume
Carrier type code nc
Source rdacarrier.
500 ## - GENERAL NOTE
General note Includes author's note and a reading group guide.
505 0# - FORMATTED CONTENTS NOTE
Formatted contents note Youth: 0 to 6: In the beginning -- Little house in the poppy fields -- Property of the Alacr©Łn estate -- Mar©Ưa -- Prison -- Middle age: 7 to 11 -- El Patr©đn -- Teacher -- Eejit in the dry field -- Secret passage -- Cat with nine lives -- Giving and taking of gifts -- Thing on the bed -- Lotus pond -- Celia's story -- Old age: 12 to 14 -- Starved bird -- Brother wolf -- Eejit pens -- Dragon hoard -- Coming-of-age -- Esperanza -- Blood wedding -- Betrayal -- Age 14: Death -- Final good-bye -- Farm patrol -- La vida nueva: Lost boys -- Five-legged horse -- Plankton factory -- Washing a dusty mind -- When the whales lost their legs -- Ton-Ton -- Found out -- Boneyard -- Shrimp harvester -- El D©Ưa de los Muertos -- Castle on the hill -- Homecoming -- House of eternity.
520 ## - SUMMARY, ETC.
Summary, etc. In a future where humans despise clones, Matt enjoys special status as the young clone of El Patr©đn, the 142-year-old leader of a corrupt drug empire nestled between Mexico and the United States.
521 ## - TARGET AUDIENCE NOTE
Target audience note 12 up
586 ## - AWARDS NOTE
Awards note Winner of National Book Award.
586 ## - AWARDS NOTE
Awards note Newbery Honor Book.
586 ## - AWARDS NOTE
Awards note Michael L. Printz Award for Excellence in Young Adult Literature Honor Book.
650 #0 - SUBJECT ADDED ENTRY--TOPICAL TERM
Topical term or geographic name entry element Human cloning
Form subdivision Juvenile fiction.
650 #7 - SUBJECT ADDED ENTRY--TOPICAL TERM
Topical term or geographic name entry element Human cloning.
Source of heading or term fast
Authority record control number or standard number (OCoLC)fst00962924.
650 #7 - SUBJECT ADDED ENTRY--TOPICAL TERM
Topical term or geographic name entry element Science fiction.
Source of heading or term fast
Authority record control number or standard number (OCoLC)fst01108566.
650 #1 - SUBJECT ADDED ENTRY--TOPICAL TERM
Topical term or geographic name entry element Cloning
Form subdivision Fiction.
655 #7 - INDEX TERM--GENRE/FORM
Genre/form data or focus term Young adult fiction.
Source of term fast
Authority record control number or standard number (OCoLC)fst01183080.
655 #7 - INDEX TERM--GENRE/FORM
Genre/form data or focus term Fiction.
Source of term fast
Authority record control number or standard number (OCoLC)fst01423787.
655 #7 - INDEX TERM--GENRE/FORM
Genre/form data or focus term Juvenile works.
Source of term fast
Authority record control number or standard number (OCoLC)fst01411637.
655 #7 - INDEX TERM--GENRE/FORM
Genre/form data or focus term Science fiction.
Source of term fast
Authority record control number or standard number (OCoLC)fst01726489.
655 #7 - INDEX TERM--GENRE/FORM
Genre/form data or focus term Young adult works.
Source of term fast
Authority record control number or standard number (OCoLC)fst01726790.
655 #7 - INDEX TERM--GENRE/FORM
Genre/form data or focus term Science fiction.
Source of term lcgft.
655 #7 - INDEX TERM--GENRE/FORM
Genre/form data or focus term Young adult fiction.
Source of term lcgft.
700 ## - ADDED ENTRY--PERSONAL NAME
Personal name Gordon, Russell
Relator term Cover designer
901 ## - LOCAL DATA ELEMENT A, LDA (RLIN)
a MARS
901 ## - LOCAL DATA ELEMENT A, LDA (RLIN)
a kts
b CATBL
901 ## - LOCAL DATA ELEMENT A, LDA (RLIN)
a wzh
b CMA
c CATBL
908 #4 - PUT COMMAND PARAMETER (RLIN)
Put command parameter PZ7.F23814
942 ## - ADDED ENTRY ELEMENTS (KOHA)
Source of classification or shelving scheme
Koha item type Books - Fiction
945 ## - LOCAL PROCESSING INFORMATION (OCLC)
a .o24399103
946 ## - LOCAL PROCESSING INFORMATION (OCLC)
a m
Holdings
Withdrawn status Lost status Source of classification or shelving scheme Damaged status Not for loan Collection code Permanent Location Current Location Shelving location Date acquired Total Checkouts Full call number Barcode Date last seen Date last checked out Price effective from Koha item type
          Fiction KH8 Senior School Library KH8 Senior School Library Fiction 2019-07-26 1 FIC FAR 3KHSL000101065 2024-07-16 2019-10-23 2019-07-26 Books - Fiction

Powered By KH8 IT Dept